000 00615nam a22002177a 4500
005 20170124105915.0
010 _a697444
020 _c00.00
035 _a697444
037 _bCen Lib/Ret
040 _aDPL
_bEN
082 _a016.954
100 _aSharma, C. D.
_92069
245 _aPractical cataloguing :
_cby C. D. Sharma
_bclassified catalogue /
260 _aDelhi
_bMetropolitan Book
_c1972
270 _a1, Netaji Subhash Marg
_bDelhi
_e110006
300 _a222p.
_c21cm(Hb)
650 _aLibrary science
_9104639
650 _aCataloguing
_9104640
942 _2ddc
_cEN
_h016.954
_mSHA
999 _c122751
_d122751